00757nam a2200241Ia 4500003000400000005001700004006001800021007000300039008004100042024001000083037001100093040001800104041001300122100001600135110007600151245011400227260000900341650001200350700002800362700002700390700002200417700007600439OSt20220930080724.0a|||||r|||| 00| 0ta220926b |||||||| |||| 00| 0 eng d a94369 cTheses aCRLcCRLbeng 2engaeng aAnjay Kumar aUniversity of Delhi. Faculty of Medical Sciences. Department of Surgery 0aEvaluation of subfascial endoscopic perforator vein surgery (SEPS) using ultrasonic scalpel in varicose veins c2007 aSURGERY a Dr. Gaurav Pradhan Gu. a Dr. P. N. Agarwal Gu. a Dr. Ravikant Gu. aUniversity of Delhi. Faculty of Medical Sciences. Department of Surgery